|
|
|
|
| LEADER |
00634nam a2200181 a 4500 |
| 001 |
2514818 |
| 008 |
090616n bg c 00010 eng d |
| 040 |
|
|
|c DLC
|d m.c.
|d CRL
|
| 082 |
0 |
0 |
|a 658.3/124
|
| 245 |
1 |
0 |
|a Training at BARD
|
| 260 |
|
|
|a Comilla :
|b Bangladesh Academy for Rural Development.
|
| 300 |
|
|
|a 14 p. ;
|c 22 cm
|
| 500 |
|
|
|a Bibliography on training
|
| 541 |
1 |
|
|e 00002141
|
| 650 |
0 |
|
|a Training.
|
| 852 |
4 |
|
|a Ayesha Abed Library
|j General Shelf.
|
| 999 |
|
|
|c 1680
|d 1680
|
| 952 |
|
|
|0 0
|1 0
|2 ddc
|4 0
|6 658_312400000000000_TRA
|7 0
|9 1542
|a BRACUL
|b BRACUL
|c GEN
|d 2009-06-28
|g 8.00
|l 0
|o 658.3124 TRA
|p 3010002141
|r 2009-06-28
|t 1
|w 2009-06-28
|y BK
|